000 00783nam a2200229 a 4500
005 20200104041552.0
008 140317b1999 ck ||||| |||| 00| 0 spa d
040 _aCO-BoIAVH
_cCO-BoIAVH
041 _aspa
044 _ack
090 _aLB
_b04191
110 _aMinisterio del Medio ambiente
_941266
245 _aCaracterización biofisiográfica y socioeconómica del Parque Nacional Natural Cordillera de los Picachos
260 _aBogotá
_bMinambiente
_bSistema de Parques Nacionales Naturales, Unidad Administrativa Especial
_bCooperación Española
_bBioColombia
_c1999
300 _a20 p.
650 _aClima
_vColombia
_941267
650 _aSuelos
_9287
650 _aHidrologia
_941269
650 _aGeomorfologia
_941270
942 _cINFORME
_02
_2z
945 _d2005-07-21
999 _c4694
_d4694